[Ekonomičeskije ryčagi povyšenija effektivnosti proizvodstva]

Recenzia na monografiu, ktorá rieši problematiku vzájomného pôsobenia VTR a hospodárskeho mechanizmu ako jedného z hlavných zdrojov zvýšenia efektívnosti socialistickej výroby.

Enregistré dans:
Détails bibliographiques
Auteur principal: Šinková, Magda, 1955-
Format: Chapitre de livre
Langue:slovaque
Sujets:
Tags: Ajouter un tag
Pas de tags, Soyez le premier à ajouter un tag!

MARC

LEADER 00000naa a2200000 4500
001 0123960
005 20230116100435.8
041 0 |a slo 
044 |a SK 
245 1 0 |a [Ekonomičeskije ryčagi povyšenija effektivnosti proizvodstva]  |c Magda Šinková 
520 |a Recenzia na monografiu, ktorá rieši problematiku vzájomného pôsobenia VTR a hospodárskeho mechanizmu ako jedného z hlavných zdrojov zvýšenia efektívnosti socialistickej výroby. 
610 2 0 |a mechanizmus hospodársky 
610 2 0 |a politika hospodárska 
610 2 0 |a efektívnosť ekonomická 
610 2 0 |a recenzie 
100 1 |a Šinková, Magda, 1955-